Statistics for 10 Most Populated Bordering the Caribbean Sea

Click here to take the quiz!

General Stats

  • This quiz has been taken 59 times
  • The average score is 10 of 10

Answer Stats

Population Country % Correct
128,632,000Mexico
100%
11,239,004Cuba
100%
11,078,033Haiti
100%
10,075,045Dominican Republic
98%
31,028,700Venezuela
96%
16,176,133Guatemala
96%
8,721,014Honduras
96%
4,890,379Costa Rica
96%
48,881,100Colombia
95%
6,262,703Nicaragua
93%

Score Distribution

Percentile by Number Answered

Percent of People with Each Score

Your Score History

You have not taken this quiz